01676nab a22002777a 4500999001500000003000400015005001700019008004100036040000700077100003300084245022000117260007300337300001500410500007300425505029300498505017600791505008900967650002801056650002001084650003801104650003301142650003501175650003501210773014001245942001301385 c6337d6337OSt20260130213503.0190603e xxum|||| |||| 00| 0 spa d cPJ 94767aJáuregui, Rodolfo G.10aConsentimiento de una entrega y potestad institucional : buna coreografía judicial sin red afectiva (ni normativa). La deconstrucción de una práctica judicial. Del texto al contexto /cRodolfo G. Jáuregui.  cCiudad Autónoma de Buenos Aires :aThomson Reuters La Ley, b2025. ap. 148-155 aCita: TR LALEY AR/DOC/2247/2025 Publicado en: RCCyC 2025 (Octubre). aSumario: I. La madre y el sistema judicial: texto y contexto familiar cancelado.— II. El texto y el contexto normativo (de nuevo divorciados). Genealogía y actualidad del art. 607 inc. b) del Cód. Civ. y Com.— III. Conclusión final: ética, rostro y el silencio institucional.  aFallo comentado: SC Mendoza, sala I ~ 27/02/2025 ~ M. M. D. A. s/ su hijo por nacer s/ medidas de protección de derechos s/ recurso extraordinario provincial (ley 9423). t¿Te interesa el texto completo? Solicitalo al correo: koha@justierradelfuego.gov.ar 09967aDERECHO DE FAMILIA 09974aADOPCIÓN 094097aINTERES SUPERIOR DEL NIÑO 092345aDERECHO A LA IDENTIDAD 094273aCONSENTIMIENTO INFORMADO 093533aINTERPRETACION DE LA LEY0 0271393170dCiudad Autónoma de Buenos Aires : Thomson Reuters La Ley, 2015-tRevista Código Civil y Comercial. Nº 5 - Octubre 2025 2udccANA